| 000 | 00542cam a2200145 4500500 | ||
|---|---|---|---|
| 005 | 20260201155526.0 | ||
| 041 | _afre | ||
| 042 | _adc | ||
| 100 | 1 | 0 |
_aKaplanian, Patrick _eauthor |
| 245 | 0 | 0 | _aJean-Pierre Vernant, L’Univers, les Dieux, les Hommes, Paris, Le Seuil, 1999, 256 p., gloss. (« La librairie du xxe siècle ») |
| 260 | _c2002. | ||
| 500 | _a81 | ||
| 786 | 0 | _nL'Homme | 161 | 1 | 2002-03-01 | p. 239i-304i | 0439-4216 | |
| 856 | 4 | 1 | _uhttps://shs.cairn.info/revue-l-homme-2002-1-page-239i?lang=fr&redirect-ssocas=7080 |
| 999 |
_c1643186 _d1643186 |
||